000 00430nam a22001457a 4500
005 20240306093728.0
008 240306b ||||| |||| 00| 0 eng d
040 _cAL
041 _aeng
082 _223
_a658.787
_bINVE
245 _aInventory Management Practices at Travancore Cochin chemicals Limited Cochin
260 _aMangalore
_bSt Aloysius College
_c1996
700 _aMAMPILLY (Philip Jose)
_9153114
942 _2ddc
_cPRO
999 _c230076
_d230076